Normal view MARC view
  • Covers UML 2.0

Entry Geographic Name

Number of records used in: 1

001 - CONTROL NUMBER

  • control field: 97017

003 - CONTROL NUMBER IDENTIFIER

  • control field: NUST

005 - DATE AND TIME OF LATEST TRANSACTION

  • control field: 20220812124830.0

008 - FIXED-LENGTH DATA ELEMENTS

  • fixed length control field: 220812|| aca||aabn | a|a d

040 ## - CATALOGING SOURCE

  • Original cataloging agency: NUST
  • Transcribing agency: NUST

151 ## - HEADING--GEOGRAPHIC NAME

  • Geographic name: Covers UML 2.0

670 ## - SOURCE DATA FOUND

  • Source citation: Work cat.: (NUST)213165: Douglass, Bruce Powel 56467, Real Time UML :, 2004
© 2023 Central Library, National University of Sciences and Technology. All Rights Reserved.